<?xml version="1.0" encoding="UTF-8"?>
<record
    xmlns:xsi="http://www.w3.org/2001/XMLSchema-instance"
    xsi:schemaLocation="http://www.loc.gov/MARC21/slim http://www.loc.gov/standards/marcxml/schema/MARC21slim.xsd"
    xmlns="http://www.loc.gov/MARC21/slim">

  <leader>02658    a2200217   4500</leader>
  <controlfield tag="001">39680</controlfield>
  <controlfield tag="005">20260407155653.0</controlfield>
  <controlfield tag="008">260407a    arg                 spa d    </controlfield>
  <controlfield tag="003">AR-UNSa-BCEJYS</controlfield>
  <datafield tag="040" ind1=" " ind2=" ">
    <subfield code="a">AR-UNSa-BCEJYS</subfield>
    <subfield code="b">spa</subfield>
    <subfield code="c">AR-UNSa-BCEJYS</subfield>
  </datafield>
  <datafield tag="080" ind1=" " ind2=" ">
    <subfield code="a">711.4</subfield>
    <subfield code="x">Ordenaci&#xF3;n urbana. Desarrollo urbano. &#xC1;reas edificadas. Conurbaciones. Asentamientos</subfield>
  </datafield>
  <datafield tag="245" ind1="1" ind2="0">
    <subfield code="a">La compensaci&#xF3;n urbanistica, principio y sistema</subfield>
  </datafield>
  <datafield tag="020" ind1=" " ind2=" ">
    <subfield code="a">84-7088-416-6</subfield>
  </datafield>
  <datafield tag="264" ind1=" " ind2="1">
    <subfield code="a">Madrid :</subfield>
    <subfield code="b">Instituto de Estudios de Administraci&#xF3;n Local</subfield>
  </datafield>
  <datafield tag="300" ind1=" " ind2=" ">
    <subfield code="a">529 p.</subfield>
    <subfield code="c">21 cm.</subfield>
  </datafield>
  <datafield tag="505" ind1=" " ind2=" ">
    <subfield code="a">Parte I: Consideraciones preliminares sobre la compensaci&#xF3;n urbanistica : 1. El principio de compensaci&#xF3;n dentro del marco de los principios informantes de la legislaci&#xF3;n urbanistica - 2. La fuente legal del sistema de compensaci&#xF3;n - 3. Concepto, definici&#xF3;n legal y caracteres del sistema de compensaci&#xF3;n - 4. Elecci&#xF3;n y adopci&#xF3;n del sistema de compensaci&#xF3;n - 5. Los sujetos del sistema de compensaci&#xF3;n - 6. El contenido del sistema(I). Las cargas urbanisticas - derecho de los propietarios - 7. El contenido del sistema (II). Los deberes de los propietarios - 8. La actuaci&#xF3;n efectiva del contenido a trav&#xE9;s del cumplimiento de las cargas urbanisticas - Parte II: La junta de compensaci&#xF3;n como estructura personificante del sistema(I) la est&#xE1;tica de la junta de compensaci&#xF3;n : 9. Formaci&#xF3;n, constituci&#xF3;n y clasificaci&#xF3;n de la junta de compensaci&#xF3;n - 10. La naturaleza jur&#xED;dica de la junta de compensaci&#xF3;n - 11. Los estatutos de la junta de compensaci&#xF3;n - 13. Las bases de actuaci&#xF3;n de la junta - Parte III: La junta de compensaci&#xF3;n en funcionamiento (II) La din&#xE1;mica de la junta de compensaci&#xF3;n : 13. El proyecto de compensaci&#xF3;n - 14. La cesi&#xF3;n de terrenos y obras de urbanizaci&#xF3;n - 15. La ejecuci&#xF3;n y costeamiento de las obras de urbanizaci&#xF3;n - 16. La adjudicaci&#xF3;n de los solares y la carga de edificar - 17. La conservaci&#xF3;n de la urbanizaci&#xF3;n como carga de la junta de compensaci&#xF3;n - 18. Trasformaci&#xF3;n y extinci&#xF3;n de la junta de compensaci&#xF3;n - Parte IV: regimen jur&#xED;dico y fiscal de las juntas de compensaci&#xF3;n: 19. El regimen fiscal de las transmisiones de terrenos y adjudicaciones de salores en las juntas de compensaci&#xF3;n - 20. Regimen legal de responsabilidades, acciones y recursos - Parte V: La ley 4/84, de 10 de febrero, de la comunidad autonoma de Madrid : 21. Sistema de compensaci&#xF3;n y costos de urbanizaci&#xF3;n de 10 po 100 de aprovechamiento medio en la ley 4/84, de 10 de febrero, de la comunidad autonoma de Madrird.</subfield>
  </datafield>
  <datafield tag="041" ind1=" " ind2=" ">
    <subfield code="a">spa</subfield>
  </datafield>
  <datafield tag="942" ind1=" " ind2=" ">
    <subfield code="c">BK</subfield>
  </datafield>
  <datafield tag="590" ind1=" " ind2=" ">
    <subfield code="a">niveau_biblio:m niveau_hierar:0</subfield>
  </datafield>
  <datafield tag="100" ind1="1" ind2=" ">
    <subfield code="a">Mart&#xED;n Blanco, Jose S.</subfield>
  </datafield>
  <datafield tag="999" ind1=" " ind2=" ">
    <subfield code="c">3078</subfield>
    <subfield code="d">3078</subfield>
  </datafield>
  <datafield tag="952" ind1=" " ind2=" ">
    <subfield code="0">0</subfield>
    <subfield code="1">0</subfield>
    <subfield code="4">0</subfield>
    <subfield code="7">0</subfield>
    <subfield code="a">BCEJYS</subfield>
    <subfield code="b">BCEJYS</subfield>
    <subfield code="c">16</subfield>
    <subfield code="d">2026-04-07</subfield>
    <subfield code="l">0</subfield>
    <subfield code="o">711.4 M378</subfield>
    <subfield code="p">L58209</subfield>
    <subfield code="r">2026-04-07 15:56:53</subfield>
    <subfield code="w">2026-04-07</subfield>
    <subfield code="y">L</subfield>
  </datafield>
</record>
